| 000 | 00851cam a2200193 4500 | ||
|---|---|---|---|
| 001 | WB3844-02 | ||
| 008 | 021128n2002 000 0 eng u | ||
| 035 | _a(Sirsi) u120608 | ||
| 245 | _aConstructionline database launched in Wales | ||
| 260 | _c2002 | ||
| 490 |
_aNational Assembly for Wales Press Release _v 26 November 2002, (1) |
||
| 520 | _aConstruction suppliers are being urged to register on new database used by 18 public sector bodies for procurement of future projects. Further information on Constructionline available from t +44 (0)1824 790411 www.wales.gov.uk/servlet/PressReleaseByDateServlet?area_code=37E752F2000942E000000A2E00000000&document_code=N0000000000000000000000000004477 | ||
| 590 | _aWB | ||
| 650 | _aWALES | ||
| 650 | _aProcurement-old | ||
| 650 | _aCONSTRUCTIONLINE | ||
| 690 | _aBUILT ENVIRONMENT | ||
| 942 | _n0 | ||
| 999 |
_c71663 _d71663 |
||